书目信息 |
| 题名: |
马路动作
|
|
| 作者: | 铁凝 著 ;白烨 主编 | |
| 分册: | ||
| 出版信息: | 北京 中国文联出版社 2001 |
|
| 页数: | 370页 | |
| 开本: | 21cm | |
| 丛书名: | 中日女作家新作大系 | |
| 单 册: | ||
| 中图分类: | I217.2 | |
| 科图分类: | ||
| 主题词: | 中篇小说--作品集--日本--现代 , 短篇小说--作品集--日本--现代 , 散文--作品集--日本--现代 | |
| 电子资源: | ||
| ISBN: | 7-5059-3899-1 | |
| 000 | 00803nam2 2200277 45 | |
| 001 | 012004000000 | |
| 005 | 20041009151651.85 | |
| 010 | @a7-5059-3899-1@dCNY 20.00 | |
| 100 | @a20040630d2001 em y0chiy0121 ea | |
| 101 | 0 | @achi |
| 102 | @aCN@b110000 | |
| 105 | @aa z 000ay | |
| 200 | 1 | @a马路动作@Ama lu dong zuo@f铁凝著 |
| 210 | @a北京@c中国文联出版社@d2001 | |
| 215 | @a370页@c图@d21cm | |
| 225 | 2 | @a中日女作家新作大系@i中国方阵@f白烨主编 |
| 410 | 0 | @12001 @a中日女作家新作大系 |
| 410 | 0 | @12001 @a中国方阵 |
| 606 | 0 | @a中篇小说@j作品集@y日本@z现代 |
| 606 | 0 | @a短篇小说@j作品集@y日本@z现代 |
| 606 | 0 | @a散文@j作品集@y日本@z现代 |
| 690 | @aI217.2@v4 | |
| 701 | 0 | @a铁凝@Atie ning@4著 |
| 702 | 0 | @a白烨@Abai ye@4主编 |
| 801 | 0 | @aCN@bQSSK@c20041009 |
| 905 | @a10447@dI217.2@eT761 | |
| 马路动作/铁凝著.-北京:中国文联出版社,2001 |
| 370页:图;21cm.-(中日女作家新作大系.中国方阵/白烨主编) |
| ISBN 7-5059-3899-1:CNY 20.00 |
| ● |
| 相关链接 |
|
|
|
正题名:马路动作
索取号:I217.2/T761
 
预约/预借
| 序号 | 登录号 | 条形码 | 馆藏地/架位号 | 状态 | 备注 |
| 1 | 397905 | 203979052 | 文学库108/108文学库 15排5列2层/ [索取号:I217.2/T761] | 在馆 | |
| 2 | 397906 | 203979061 | 文学库108/108文学库 15排5列2层/ [索取号:I217.2/T761] | 在馆 | |
| 3 | 397907 | 203979070 | 文学库108/108文学库 15排5列2层/ [索取号:I217.2/T761] | 在馆 |